Quizzes
Events
Quiz Creation
Community
Videos
Private Events
Remove Ads
Sign In
Join for FREE
Feedback
Dark Mode
Quiz Categories
Sports
Geography
Music
Movies
Television
Just For Fun
Miscellaneous
History
Literature
Language
Science
Gaming
Entertainment
Religion
Holiday
For Kids
Quiz Lab
Recent
Popular Today
Quiz Kudos Today
Editor Picks
Curator Picks
Quizzes by...
Day
Popularity
Type
Ratings
Length
Year
Community
Subscriptions
Recent Discussions
Orange Saloon
Badges
Playlists
Quests
Create
Leaderboards
Showdown
Live 5
Trivia Bingo
Activity
Puzzle Library
Sporcle Events
Private Events
Virtual Trivia
Globe League
Become a Host
Pub Owners
SporcleCon
Opinionation
Our Games
Videos
Blog
Mobile Apps
Partnerships
Remove Ads and Go Orange
Feedback
Sports
Athletes
MLB
NBA
NHL
NFL
Soccer
Sports Teams
WWE
NCAA
Football
Premier League
Basketball
Baseball
Hockey
Golf
Tennis
Cricket
Rugby
Auto Racing
Olympics
World Cup
Sports
Athletes
MLB
NBA
NHL
NFL
Soccer
Sports Teams
WWE
NCAA
Football
Premier League
Basketball
Baseball
Hockey
Golf
Tennis
Cricket
Rugby
Auto Racing
Olympics
World Cup
Random Quiz
Search Sporcle
×
Quiz Lab
Quiz Lab
Sports
College
Type in answers that appear in a list
Type in answers that appear in a list
Classic
Best Score? Go Orange.
1994 NBA Draft Stats
Can you name the Members of the 1994 NBA Draft?
By
puma8669
15m
27 Questions
603 Plays
603 Plays
603 Plays
Comments
Comments
Give Quiz Kudos
Give Quiz Kudos
-
- Ratings
hide this ad
Forced Order
Answers have to be entered in order
Answers have to be entered in order
Replay
Link that replays current quiz
Next Quiz
Link to next quiz in quiz playlist
You Got
0%
They Got
Avg Score
39%
Avg Friend Score
Upgrade to see
Score Distribution
Jump to the score distribution portion of the page
Score
0/27
Timer
15:00
0
Plays Today
NBA Team
Player
% Correct
Milwaukee Bucks
Glenn Robinson
95.7%
Dallas Mavericks
Jason Kidd
95.5%
Detroit Pistons
Grant Hill
94%
Washington Bullets
Juwan Howard
83.9%
Minnesota Timberwolves
Donyell Marshall
59%
Denver Nuggets
Jalen Rose
58.4%
Boston Celtics
Eric Montross
52.6%
Los Angeles Lakers
Eddie Jones
52.1%
New Jersey Nets
Yinka Dare
43%
New York Knicks (from Houston via Atlanta)
Charlie Ward
39%
Los Angeles Clippers
Lamond Murray
36.7%
Sacramento Kings
Brian Grant
36.2%
Philadelphia 76ers
Sharone Wright
34.7%
Portland Trail Blazers
Aaron McKie
28.5%
NBA Team
Player
% Correct
Chicago Bulls
Dickey Simpkins
26.7%
Miami Heat
Khalid Reeves
26.4%
Indiana Pacers
Eric Piatkowski
25.7%
Phoenix Suns
Wesley Person
24%
New York Knicks
Monty Williams
22.7%
San Antonio Spurs
Bill Curley
21.9%
Golden State Warriors (from Cleveland)
Clifford Rozier
21.1%
Dallas Mavericks (from Golden State)
Tony Dumas
18.9%
Seattle Supersonics (from Charlotte)
Carlos Rogers
14.6%
Milwaukee Bucks (from Orlando)
Eric Mobley
14.4%
Philadelphia 76ers (from Utah)
B.J. Tyler
13.6%
Orlando Magic (from Seattle via L.A. Clippers)
Brooks Thompson
13.6%
Los Angeles Clippers (from Atlanta)
Greg Minor
7.6%
Quiz Playlist
Details
Report
Send in Message
Add To Playlist
Classic:
Type in answers that appear in a list
Forced Order:
Answers have to be entered in order
Last Updated: Feb 16, 2017
Quiz Scoreboard
CHALLENGE
Sign Up to Join the Scoreboard
Show All
Scores
Hide
Comments
May contain spoilers
Recently Published
Pick 6: Fruits
by JohnFran
Miscellaneous
15s
Click the 1999 NBA Draft
by nibperrychub
Sports
2m
Alphabetical 'K' Countries by Flag Minefield
by ylime102
Geography
3m
More to Explore
Quiz From the Vault
Featured Blog Post
15 Basketball Trivia Facts You Can Be March Mad About
hide this ad
You Might Also Like...
Tags
Basketball Quiz
College Quiz
NBA Quiz
1994
Draft
Player
team
Today's Top Quizzes in Sports
Browse Sports
hide this ad
Today's Top Quizzes in College
Browse College
Top Contributed Quizzes in Sports
1
Don't Strike Out: 3000 Strikeouts
2
MLB 2 truths and a lie: Hall of Fame pitchers
3
Pick 6: NFL Teams
4
Criteria MLB: Left Handed Sluggers
5
MLB Players with Two .350 Batting Average Seasons
6
2022 World Cup Stars
7
Les joueurs à 100 buts en Ligue 1 Uber Eats
8
Millionaire: NBA Finals Edition
9
Pick 6: Minor League Baseball
10
Last 10 Members of the 500 HR Club in Order
Explore More
Trending Topics
NBA
Anime
Kpop
Crossword
Marvel
Harry Potter
Disney
Soccer
Song
The Office
Pokémon
WWE
NFL
Puzzle
Country
hide this ad
More By:
puma8669
Quiz
Plays
Rating
Category
Featured
Created
1994 NBA Draft
603
5.00
Sports
Jan 21, 2010
U of Miami players scoring Super Bowl TD
227
3.00
Sports
Jan 21, 2010
Career FG Made
105
Sports
Jan 20, 2010
Current Big East TDs in the Super Bowl
84
Sports
Jan 29, 2010
Go to Creator's Profile
Score Distribution
Quiz Creator Spotlight
puma8669
Follow
Send a Message
Quizzes Created
-
Created Quiz Play Count
-
More By This Creator
Popular Quizzes Today
1
Find the US States - No Outlines Minefield
2
Countries of Asia Without Outlines Minefield
3
Pick 6: Fruits
4
The Countries of the World
5
Alphabetical 'K' Countries by Flag Minefield
6
Find the US States
7
Match the Book to the Film X
8
Click the 1999 NBA Draft
More Sports Quizzes
Any Team but Tottenham Hotspur
Published
Trending Quizzes
Pick 6: Harry Potter
Pick 6: Mountains
Pick 6: NFL Teams
Pick 6: Movie Franchises
Pick 6: Golfers
Recently Updated
Women's Final Four Teams by Year
bhenderson79
Presidents Quartet II
eogle
Anything But Clue(do)
eogle
Anything But Oceanian Capitals
eogle
Anything But 7
eogle
Anything But Thing
eogle
Word Ladder: February 29
pecheneg
Song Title Questions
pecheneg
Women's NCAA Tournament #1 Seeds
pecheneg
Celebrity Mug Shots
pecheneg
Trending Topics
Crossword
Anime
NBA
Marvel
Harry Potter
Kpop
Disney
WWE
The Office
Puzzle
Song
NFL
Country
Soccer
Pokémon
Your Account Isn't Verified!
In order to create a playlist on Sporcle, you need to verify the email address you used during registration. Go to your
Sporcle Settings
to finish the process.
Report this User
Report this user for behavior that violates our
Community Guidelines
.
Details:
Send Report
Go to the Sporcle.com Mobile Site →
Comments